LIBRARY & INFORMATION CENTRE, KCAET, TAVANUR

ONLINE PUBLIC ACCESS CATALOGUE (OPAC)

Geophysical techniques for aquifer characteristic studies - a case study of Perumatty grama panchayath in Kerala / (Record no. 18086)

MARC details
000 -LEADER
fixed length control field 00506nam a22001577a 4500
003 - CONTROL NUMBER IDENTIFIER
control field OSt
082 ## - DEWEY DECIMAL CLASSIFICATION NUMBER
Classification number 631.75807
Item number ARC/GE
088 ## - REPORT NUMBER
Report number P 614
100 ## - MAIN ENTRY--AUTHOR NAME
Personal name Archana A P
245 ## - TITLE STATEMENT
Title Geophysical techniques for aquifer characteristic studies - a case study of Perumatty grama panchayath in Kerala /
260 ## - PUBLICATION, DISTRIBUTION, ETC. (IMPRINT)
Place of publication Tavanur :
Name of publisher Department of Soil & Water Conservation Engineering,
Year of publication 2024.
300 ## - PHYSICAL DESCRIPTION
Number of Pages p.
700 ## - ADDED ENTRY--PERSONAL NAME
Personal name Muhammed Shibili T K
700 ## - ADDED ENTRY--PERSONAL NAME
Personal name Abdul Hakim V M (Guide)
942 ## - ADDED ENTRY ELEMENTS (KOHA)
Koha item type Project Report
Holdings
Collection code Home library Current library Full call number Accession Number Koha item type
Reference KAUAET KAUAET 631.75807 ARC/GE P 614 Project Report
free website counter